000 00292nam a22001337a 4500
008 170127b xxu||||| |||| 00| 0 eng d
020 _a061425427
041 _aeng
080 _a61
100 _a3
101 _aSHM
245 _aA PRIMER OF CLINICAL SYMPTOMS
_cTAYLOR, R.B
942 _2udc
_cBK
999 _c3871
_d3871